| 000 | 01440cam a2200361 i 4500 | ||
|---|---|---|---|
| 999 |
_c2119 _d2119 |
||
| 001 | 21097081 | ||
| 003 | OSt | ||
| 005 | 20230308110915.0 | ||
| 008 | 190722s2018 enka j 001 0 eng | ||
| 010 | _a 2019301197 | ||
| 020 |
_a9781107697874 _q(paperback) |
||
| 040 |
_aDLC _beng _erda _cDLC _dKH8 |
||
| 042 | _apcc | ||
| 043 | _ae-uk--- | ||
| 082 | _a510 BYR | ||
| 100 | 1 |
_aByrd, Greg, _eauthor. |
|
| 245 | 1 | 0 |
_aMathematics. _pCoursebook 8 / _cGreg Byrd, Lynn Byrd and Chris Pearce. |
| 264 | 1 |
_aCambridge, United Kingdom : _bCambridge University Press, _c2013. |
|
| 300 |
_a200 pages : _billustrations (chiefly color) ; _c28 cm |
||
| 336 |
_atext _btxt _2rdacontent |
||
| 337 |
_aunmediated _bn _2rdamedia |
||
| 338 |
_avolume _bnc _2rdacarrier |
||
| 490 | 0 | _aCambridge checkpoint | |
| 500 | _aIncludes index. | ||
| 500 | _a"The Cambridge Checkpoint Mathematics course covers the Cambridge Secondary 1 mathematics framework and is divided into three stages: 7, 8, and 9. This book covers all you need to know for stage 8"--Page 3. | ||
| 650 | 0 |
_aMathematics _xStudy and teaching (Secondary) _zGreat Britain. |
|
| 650 | 0 |
_aMathematics _vProblems, exercises, etc. |
|
| 700 | 1 |
_aByrd, Lynn, _eauthor. |
|
| 700 | 1 |
_aPearce, Chris, _eauthor. |
|
| 906 |
_a7 _bcbc _corignew _d2 _encip _f20 _gy-gencatlg |
||
| 942 |
_2ddc _cTR |
||